000 00380nam a2200133Ia 4500
005 20260328101457.0
008 260328s9999||||xx |||||||||||||| ||und||
100 _aSalvadorini, Antonio
245 0 _aVenice :
_b A Guide to the principal Buildings /
_cAntonio Salvadorini
260 _bCanal & Stamperia Editrice
300 _a198 p.
650 _aARQUITECTURA REGIONAL
942 _cBK
999 _c8858
_d8858